00851nam a2200253Ia 4500008004100000020002200041050001600063050001800079245002000097245003500117245006700152260001600219260002100235260000900256300001600265300002000281300001100301650004500312650001700357650004700374650003200421999001900453952012500472160404s9999 xx 000 0 und d a978-971-27-2098-7 aFIL HD 57.7 b.E98 2008 c.1 aExtraordinary : bstories for aspiring leaders / cedited by Victor L. Magdaraog, Nikki Katherine M. Dy - Liacco. aPasig City: bAnvil Pub. Inc., c2008 a244 pages : billustrations ; c23 cm. aBusinessmen -- Philippines -- Biography. aLeadership.  xBusinesswomen -- Philippines -- Biography. xLeadership -- Philippines.  c293308d293308 001040aSMCbSMCcFILd2011-02-14g495.00l0oFIL HD 57.7 .E98 2008 c.1pSMC05321r2016-04-04 00:00:00w2016-04-04yBK